|
|
|
|
| LEADER |
00000cam a22000004a 4500 |
| 001 |
musev2_2083 |
| 003 |
MdBmJHUP |
| 005 |
20230905040300.0 |
| 006 |
m o d |
| 007 |
cr||||||||nn|n |
| 008 |
080926s2009 cou o 00 0 eng d |
| 010 |
|
|
|z 2008042491
|
| 020 |
|
|
|a 9781607320005
|
| 020 |
|
|
|z 9780870819346
|
| 020 |
|
|
|z 9781607321002
|
| 035 |
|
|
|a (OCoLC)794700662
|
| 040 |
|
|
|a MdBmJHUP
|c MdBmJHUP
|
| 043 |
|
|
|a n-us-co
|
| 050 |
0 |
4 |
|a HD9550.O8
|b M86 2009
|
| 100 |
1 |
|
|a Munsell, F. Darrell.
|
| 245 |
1 |
0 |
|a From Redstone to Ludlow :
|b John Cleveland Osgood's Struggle against the United Mine Workers of America /
|c F. Darrell Munsell.
|
| 264 |
|
1 |
|a Boulder, Colo. :
|b University Press of Colorado,
|c 2009.
|
| 264 |
|
3 |
|a Baltimore, Md. :
|b Project MUSE,
|c 2012
|
| 264 |
|
4 |
|c ©2009.
|
| 300 |
|
|
|a 1 online resource (392 pages):
|b ill., maps ;
|
| 336 |
|
|
|a text
|b txt
|2 rdacontent
|
| 337 |
|
|
|a computer
|b c
|2 rdamedia
|
| 338 |
|
|
|a online resource
|b cr
|2 rdacarrier
|
| 490 |
0 |
|
|a Mining the American West
|
| 504 |
|
|
|a Includes bibliographical references (p. 371-378) and index.
|
| 588 |
|
|
|a Description based on print version record.
|
| 600 |
1 |
0 |
|a Osgood, John Cleveland,
|d 1851-1926.
|
| 610 |
2 |
0 |
|a United Mine Workers of America
|x History.
|
| 650 |
|
0 |
|a Capitalists and financiers
|z Colorado
|v Biography.
|
| 650 |
|
0 |
|a Coal miners
|x Labor unions
|z Colorado
|x History.
|
| 650 |
|
0 |
|a Coal trade
|z Colorado
|x History.
|
| 655 |
|
7 |
|a Electronic books.
|2 local
|
| 710 |
2 |
|
|a Project Muse.
|e distributor
|
| 830 |
|
0 |
|a Mining the American West.
|
| 830 |
|
0 |
|a Book collections on Project MUSE.
|
| 856 |
4 |
0 |
|z Texto completo
|u https://projectmuse.uam.elogim.com/book/2083/
|
| 945 |
|
|
|a Project MUSE - Custom Collection
|
| 945 |
|
|
|a Project MUSE - 2011 US Regional Studies, West
|
| 945 |
|
|
|a Project MUSE - 2011 Complete
|